Information Please Almanac Atlas and Yearbook 1992

Guardado en:
Detalles Bibliográficos
Formato: Libro
Lenguaje:inglés
Publicado: Boston Houghton Mifflin Co. 1992
Edición:45. ed.
Materias:
Etiquetas: Agregar Etiqueta
Sin Etiquetas, Sea el primero en etiquetar este registro!

MARC

LEADER 00000nam a2200000 4500
001 c019556
005 20230314090918.4
020 |a 0-395-59671-8 
020 |a 0-395-59672-6 
041 0 |a eng 
044 |a US 
245 1 0 |a Information Please Almanac  |b Atlas and Yearbook 1992 
250 |a 45. ed. 
264 1 |a Boston  |b Houghton Mifflin Co.  |c 1992 
300 |a 992 s. 
610 2 0 |a zemepis 
610 2 0 |a geografia 
610 2 0 |a situácia hospodárska 
610 2 0 |a situácia sociálna 
610 2 0 |a demografia 
610 2 0 |a zdravie